00611nam a2200169 a 4500020001500000040000800015082002500023245007500048260011700123300003400240650001700274650001700291700002300308700002200331700002700353710006100380 a0888864434 cNLC00a331PUB 1997 A010 Or.00aTransition and structural change in the North American labour market / aKingston, Ont. :bPublished jointly by IRC Press, Industrial Relations Centre and John Deutsch Institute,c1997. axii, 356 p. :bill. ;c23 cm. 0aLabor market 0aLabor market1 aAbbott, Michael G.1 aBeach, Charles M.1 aChaykowski, Richard P.2 aJohn Deutsch Institute for the Study of Economic Policy.